000 00354nam a2200145Ia 4500
008 230917s9999||||xx |||||||||||||| ||und||
040 _e138958
_aMAIN
041 _aEnglish
082 _a859.9208 D858C
100 _aDuckworth, George E
245 0 _aComplete Roman drama
260 _aNew York
_bRandom House
_c1973
300 _a905 p.
942 _cBK
999 _c132484
_d132484